000
00263nam a22001217a 4500
008
180125b xxu||||| |||| 00| 0 eng d
041
_a
eng
080
_a
33
100
_a
52
101
_a
EKO
245
_a
Economics is a process
_c
Langlois,R.N
942
_2
udc
_c
BK
999
_c
40914
_d
40914